000 00464nam a2200193Ia 4500
008 151119s9999||||xx |||||||||||||| ||und||
082 _a891.463
082 _bGKKV23665
100 _aकिनरे जयंत
245 _aअस्त
260 _a--
260 _b--
260 _c2002
600 _aकिनरे जयंत
630 _aअस्त
700 _aकिनरे जयंत
730 _aअस्त
942 _cBOOK
999 _c1076298
_d1076295